000 00342nam a2200121Ia 4500
008 231129s9999||||xx |||||||||||||| ||spa||
020 _a978-958-44-0637-8
082 _a530 B748f
100 _aBotero Echeverri Gustavo
245 0 _aFí­sica II
264 _aArmenia Colombia : San Jose
942 _2ddc
_cBKS
999 _c14030
_d14030